00218 2200097 4500245004300000100001900043650001700062005001900079041001400098084000800112 aVocational High School Sixty TwohText aRangga Pranata aBuku Tahunan a20240903100839 aIndonesia a000